ДРУМ (Запис номер 256268)
[ съкратено ]
| 000 -Лидер | |
|---|---|
| Контролно поле с фиксирана дължина | 00943nam a2200277 c 4500 |
| 003 - Код на организацията, давaща контролен номер | |
| Контролно поле | BLK |
| 005 - Дата и час на последна редакция | |
| Контролно поле | 20180421002855.0 |
| 008 - Елементи от данни с фиксирана дължина | |
| fixed length control field | 180413b bul|rap|||||| |0| ||bulo| |
| 010 ## - Наследен системен номер | |
| LC control number | PRD00007218000 |
| 040 ## - Източник на каталожния запис | |
| Идентификатор на билиотеката - собственик на записа | BLK |
| 041 ## - Код за език | |
| Код за езика на текст/звукозапис или на отделно заглавие | Български |
| Код за езика КДБФ | Български |
| 080 ## - УДК | |
| Текстов определител УДК | Книга. Книгоиздание. Книгознание |
| УДК код - определител по УДК | 002.19 |
| УДК определител | |
| УДК - код + определител | 002.19 |
| 110 1# - Редна дума - колетивен орган | |
| Редна дума - наименование на организация или юридическо лице | Изд. Лит. кръг Друм - Угърчин |
| 9 (RLIN) | 356062 |
| 245 10 - Сведения за заглавието | |
| Заглавие | ДРУМ |
| Редно поле (дума) | |
| Дата на създаване на произведението | Начална год. на издаване: ян. 1946, |
| 257 ## - Страна на издаване | |
| Страна на създаване/издаване | България |
| 260 ## - Област на издателските данни | |
| -- | Угърчин |
| Име на издателя, разпространителя и проч. | Лит. кръг Друм |
| Година на издаване | 1946 |
| Печатница | Ловеч : Марийка К. Драголова |
| 310 ## - Текуща периодчност на изданието | |
| -- | периодичност: 0 |
| Срок за съхранение | срок за съхранение: 99 |
| 380 ## - Жанр | |
| Жанр | Общ отдел |
| 653 ## - Ключова дума – ненормативна | |
| Ключова дума | вестници |
| 653 ## - Ключова дума – ненормативна | |
| Ключова дума | писатели |
| 852 ## - Местоположение | |
| Форматна сигнатура | Е 16 |
| 856 ## - Електронен адрес и достъп | |
| Електронен формат | pdf - файл |
| Път до файла /url/ | |
| 856 ## - Електронен адрес и достъп | |
| Електронен формат | pdf - файл |
| Път до файла /url/ | |
| 942 ## - АРТИКУЛИ | |
| Вид на библиотечния материал | Единични листове |
| Скрит в OPAC | Не |
| Периодичен библиозапис | Да |
| 944 ## - СЪЗДАВАНЕ И РЕДАКЦИЯ на ЗАПИСА | |
| Създаване/Редакция | Създаване |
| Дата на регистрацията/редакция | Ивелин_Митев |
| Служител, извършил регистрацията/редакцията | 15.01.2003 |
| 944 ## - СЪЗДАВАНЕ И РЕДАКЦИЯ на ЗАПИСА | |
| Създаване/Редакция | Редакция |
| Дата на регистрацията/редакция | |
| Служител, извършил регистрацията/редакцията | 01.08.2013 |
| 999 ## - СИСТЕМНИ КОНТРОЛНИ НОМЕРА | |
| Koha biblionumber | 256268 |
| Koha biblioitemnumber | 256268 |
| Код за отписване | Код за изгубен артикул | Източник на класификационната схема | Код за повреда | Коз за рестрикции | Код за отдаване | Артикулен № | Име на библиотеката - собственик | Име на библиотеката, в която се намира в момента | Статус (Текущо местоположение) | Дата на вписване в системата | Местоположение - отдел | Цена в лева | Инвентарен номер | Систематично азбучна сигнатура | Баркод | Номер на екземпляра | Цена в евро | Служебна бележка | Служебен тип на артикула | Бележка за публиката |
|---|---|---|---|---|---|---|---|---|---|---|---|---|---|---|---|---|---|---|---|---|
| Не е изгубен | Universal Decimal Classification | Не е повреден | без рестрикции | ползва се в читалня | 431961 | Регионална библиотека "Любен Каравелов" Русе | Регионална библиотека "Любен Каравелов" Русе | Хранилище | 2002-01-01 | Хранилище | 0.01 | 20530-а | Е 16 | 130000693806 | 1 | 0.01 | Дост: Dp, Вид: Д, N: стар фонд, Дата: 01.01.2002, Дата инв: 16.06.2014, Бележки инв: Цб2014 | Единични листове | Год. на изд.: 1946 |